| 000 | 01740nam0a2200385 4500 | ||
|---|---|---|---|
| 001 | RU\NLR\bibl\1025047 | ||
| 005 | 20260405122100.0 | ||
| 010 |
_a5-98995-020-9 _bрус. _93000 |
||
| 021 |
_aRU _b2006-71717 _93612 |
||
| 035 | _a(nilc)RSL-KNO-002966981 | ||
| 035 | _a(NLR Aleph) 001012556 | ||
| 090 |
_a647819 _c647819 |
||
| 100 | _a20061107d2007 |||y0rusy50 ca | ||
| 101 | 1 |
_arus _ceng |
|
| 102 | _aRU | ||
| 105 | _aa ||||||||| | ||
| 106 | _ar | ||
| 200 | 1 |
_aPROдажи: новое мышление _eсоздание и сохранение потребительской ценности _fНил Рекхэм, Джон Де Винсентис _gавт. предисл. к русскому изд. В. Соловьёв _g[пер. А. Нестеров] |
|
| 210 |
_aМосква _cПретекст _d2007 _eМ. _gПретекст |
||
| 215 |
_a330 с. _cил. _d23 |
||
| 517 | 0 | _aПродажи: новое мышление | |
| 606 | 1 |
_aТорговля _xОрганизация _91539874 _3RU\NLR\auth\66972493 |
|
| 606 | 1 |
_aТорговля _xСоциально-психологические исследования _92099597 _3RU\NLR\auth\661269983 |
|
| 610 | 0 | _aЭкономика -- Капиталистические страны -- Торговля -- Организация продажи | |
| 686 |
_aУ842.0-803.4,0 _2rubbk |
||
| 686 | _aУ42(0)1-803 | ||
| 686 | _aС550.425 | ||
| 700 | 1 |
_4070 _8rus _7ca _aРекхэм _bН. _gНил _3RU\NLR\auth\7747994 _930929 |
|
| 701 | 1 |
_4070 _8rus _7ca _aДе Винсентис _bД. _gДжон _3RU\NLR\auth\7747998 _930933 |
|
| 801 | 0 |
_aRU _bРКП _c20061107 _grcr |
|
| 801 | 1 |
_aRU _bРГБ _c20061107 |
|
| 801 | 2 |
_aRU _bNLR _c20061219 _grcr |
|
| 942 | _cBOOK | ||
| 980 | _aNB | ||